Sports Quiz

Random Sports or NBA Quiz

NBA 09-10 Teams By Player (Hard) Quiz Stats

Quiz not verified by Sporcle

Challenge
Share
Tweet
Embed
Score 0/30 Timer 06:00
0 Plays Today
Athlete Team % Correct
Luis ScolaHouston Rockets
93.5%
Leandro BarbosaPhoenix Suns
91.4%
Paul MillsapUtah Jazz
90.2%
Delonte WestCleveland Cavaliers
89.6%
Samuel DalembertPhiladelphia 76ers
87.8%
Adam MorrisonLos Angeles Lakers
85.5%
Eddie HouseBoston Celtics
85%
Matt BonnerSan Antonio Spurs
84.7%
Daequan CookMiami Heat
80.6%
Zaza PachuliaAtlanta Hawks
80.3%
Courtney LeeNew Jersey Nets
78.4%
Thabo SefoloshaOklahoma City Thunder
77.9%
Taj GibsonChicago Bulls
77.4%
Andray BlatcheWashington Wizards
77%
Jared JeffriesNew York Knicks
76.8%
Athlete Team % Correct
Beno UdrihSacramento Kings
74.7%
Kelenna AzubuikeGolden State Warriors
73.2%
Martell WebsterPortland Trail Blazers
71.2%
Arron AfflaloDenver Nuggets
69.2%
Brandon BassOrlando Magic
69%
Carlos DelfinoMilwaukee Bucks
63.9%
Jonas JerebkoDetroit Pistons
62.9%
Nazr MohammedCharlotte Bobcats
59.7%
Ramon SessionsMinnesota Timberwolves
56.9%
Craig SmithLos Angeles Clippers
55.3%
Devin BrownNew Orleans Hornets
53.5%
Kris HumphriesDallas Mavericks
49.5%
Luther HeadIndiana Pacers
47.3%
Marcus WilliamsMemphis Grizzlies
47.1%
Antoine WrightToronto Raptors
45.5%

You're not logged in!

Compare scores with friends on all Sporcle quizzes.
Join for Free
OR
Log In

You Might Also Like...

Show Comments

Extras

Top Quizzes Today


Score Distribution

Your Account Isn't Verified!

In order to create a playlist on Sporcle, you need to verify the email address you used during registration. Go to your Sporcle Settings to finish the process.

Report this User

Report this user for behavior that violates our Community Guidelines.

Details: